Traditional and innovative approaches to the study of foreign languages; Коммуникативные аспекты языка и культуры; Ч. 1

Bibliografiske detaljer
Parent link:Коммуникативные аспекты языка и культуры: сборник материалов XIV Международной научно-практической конференции студентов и молодых ученых, г. Томск, 21-23 мая 2014 г./ Национальный исследовательский Томский политехнический университет (ТПУ), Институт международного образования и языковой коммуникации (ИМОЯК) ; под ред. С. А. Песоцкой.— , 2014
Ч. 1.— 2014.— [С. 191-193]
Hovedforfatter: Amelichkin I. V.
Institution som forfatter: Национальный исследовательский Томский политехнический университет (ТПУ) Институт кибернетики (ИК) Кафедра иностранных языков института кибернетики (ИЯИК)
Andre forfattere: Skirdin K. V. Kirill Vyacheslavovich (научный руководитель), Utkina A. N. Anna Nikolaevna
Summary:Заглавие с титульного экрана
Sprog:engelsk
Udgivet: 2014
Serier:Теория и практика межкультурной коммуникации. Актуальные проблемы лингводидактики
Fag:
Online adgang:http://earchive.tpu.ru/handle/11683/21510
http://www.lib.tpu.ru/fulltext/c/2014/C77/V1/038.pdf
Format: MixedMaterials Electronisk Book Chapter
KOHA link:https://koha.lib.tpu.ru/cgi-bin/koha/opac-detail.pl?biblionumber=609827

MARC

LEADER 00000naa2a2200000 4500
001 609827
005 20260326145112.0
035 |a (RuTPU)RU\TPU\conf\7361 
035 |a RU\TPU\conf\7360 
090 |a 609827 
100 |a 20141210d2014 k y0rusy50 ba 
101 0 |a eng 
102 |a RU 
135 |a drcn ---uucaa 
181 0 |a i  
182 0 |a b 
200 1 |a Traditional and innovative approaches to the study of foreign languages  |f I. V. Amelichkin, K. V. Skirdin  |g sci. ad. A. N. Utkina 
203 |a Текст  |c электронный 
225 1 |a Теория и практика межкультурной коммуникации. Актуальные проблемы лингводидактики 
300 |a Заглавие с титульного экрана 
320 |a [Библиогр.: с. 193 (6 назв.)] 
337 |a Adobe Reader 
461 1 |0 (RuTPU)RU\TPU\conf\7313  |t Коммуникативные аспекты языка и культуры  |o сборник материалов XIV Международной научно-практической конференции студентов и молодых ученых, г. Томск, 21-23 мая 2014 г.  |o в 3 ч.  |f Национальный исследовательский Томский политехнический университет (ТПУ), Институт международного образования и языковой коммуникации (ИМОЯК) ; под ред. С. А. Песоцкой  |d 2014 
463 0 |0 (RuTPU)RU\TPU\conf\7314  |t Ч. 1  |v [С. 191-193]  |d 2014 
610 1 |a труды учёных ТПУ 
610 1 |a электронный ресурс 
700 1 |a Amelichkin  |b I. V. 
701 1 |a Skirdin  |b K. V.  |c chemical technologist  |c Assistant Scientific and Educational Center N. M. Kizhner  |f 1995-  |g Kirill Vyacheslavovich  |9 88494 
702 1 |a Utkina  |b A. N.  |c linguist  |c Associate Professor of Tomsk Polytechnic University, Candidate of philosophical sciences  |f 1968-  |g Anna Nikolaevna  |4 727  |9 16977 
712 0 2 |a Национальный исследовательский Томский политехнический университет (ТПУ)  |b Институт кибернетики (ИК)  |b Кафедра иностранных языков института кибернетики (ИЯИК)  |3 (RuTPU)RU\TPU\col\18707 
801 2 |a RU  |b 63413507  |c 20210917  |g RCR 
856 4 |u http://earchive.tpu.ru/handle/11683/21510 
856 4 |u http://www.lib.tpu.ru/fulltext/c/2014/C77/V1/038.pdf 
942 |c BK